Basic physics / (Record no. 73822)
[ view plain ]
| 000 -LEADER | |
|---|---|
| fixed length control field | 00849nam a22002777a 4500 |
| 001 - CONTROL NUMBER | |
| control field | 73822 |
| 003 - CONTROL NUMBER IDENTIFIER | |
| rucl marc code | BD-RjUL |
| 005 - DATE AND TIME OF LATEST TRANSACTION | |
| control field | 20211209082442.0 |
| 008 - FIXED-LENGTH DATA ELEMENTS--GENERAL INFORMATION | |
| fixed length control field | 170612s 1954enka|||| |||| 001 0 eng d |
| 035 ## - SYSTEM CONTROL NUMBER | |
| System control number | (BD-RjUL)74040 |
| 040 ## - CATALOGING SOURCE | |
| Original cataloging agency | BD-RjUL |
| Language of cataloging | eng |
| Transcribing agency | BD-RjUL |
| 041 ## - LANGUAGE CODE | |
| Language code of text/sound track or separate title | eng |
| 082 ## - DEWEY DECIMAL CLASSIFICATION NUMBER | |
| Edition number | 23 |
| Classification number | 530 |
| Author mark and year | MAB 1954 |
| 100 1# - MAIN ENTRY--PERSONAL NAME | |
| Personal name | Martin, S. L. |
| 9 (RLIN) | 218585 |
| 245 10 - TITLE STATEMENT | |
| Title | Basic physics / |
| Statement of responsibility, etc. | By S. L. Martin and A. K. Connor. |
| 250 ## - EDITION STATEMENT | |
| Edition statement | 2nd ed. |
| 260 ## - PUBLICATION, DISTRIBUTION, ETC. (IMPRINT) | |
| Place of publication, distribution, etc. | Melbourne : |
| Name of publisher, distributor, etc. | Whitcombe & Tombs, |
| Date of publication, distribution, etc. | [1954?] |
| 300 ## - PHYSICAL DESCRIPTION | |
| Pagination | v. : |
| Illustrations | ill. ; |
| Size | 18 cm. |
| 500 ## - GENERAL NOTE | |
| General note | Includes index. |
| 505 ## - FORMATTED CONTENTS NOTE | |
| Formatted contents note | Vol. 1 pt. 1 Mechanics. pt. 2 Heat -- v. 2 pt. 3 Magnetism and electricity -- v. 3 pt. 4 Sound. pt. 5 Light. |
| 650 ## - SUBJECT ADDED ENTRY--TOPICAL TERM | |
| Topical term or geographic name as entry element | Physics |
| 9 (RLIN) | 218586 |
| Topical term or geographic name as entry element | Sound |
| 9 (RLIN) | 218587 |
| Topical term or geographic name as entry element | Light |
| 9 (RLIN) | 218588 |
| 700 ## - ADDED ENTRY--PERSONAL NAME | |
| Personal name | Connor, A. K. |
| Fuller form of name | Joint authors |
| 942 ## - ADDED ENTRY ELEMENTS (KOHA) | |
| Source of classification or shelving scheme | Dewey Decimal Classification |
| Koha item type | Books |
| Lost status | Source of classification or shelving scheme | Damaged status | Not for loan | Collection code | Permanent Location | Current Location | Shelving location | Date acquired | Source of acquisition | Total Checkouts | Full call number | Date last seen | Copy number | Koha item type |
|---|---|---|---|---|---|---|---|---|---|---|---|---|---|---|
| Dewey Decimal Classification | Not For Loan | Non-fiction | Central Library, University of Rajshahi | Central Library, University of Rajshahi | Reading Room | 23/09/1964 | Australia | 530 MAB V-3 1954 | 12/06/2017 | C-1 | Books |